[Event "Ennis op"]
[Site "Ennis"]
[Date "2015.05.16"]
[Round "4.2"]
[White "Halley, Mark"]
[Black "Stejskal, Drahoslav"]
[Result "0-1"]
[WhiteElo "1796"]
[BlackElo "1957"]
[PlyCount "86"]
[EventDate "2015.05.15"]
[EventType "swiss"]
[EventRounds "6"]
[EventCountry "IRL"]
[SourceTitle "EXT 2023"]
[Source "ChessBase"]
[SourceDate "2022.10.05"]
[SourceVersion "1"]
[SourceVersionDate "2022.10.05"]
[SourceQuality "1"]

1. d4 d5 2. c4 Nc6 3. Nf3 Bg4 4. Nc3 Bxf3 5. exf3 dxc4 6. Be3 e6 7. Bxc4 Nf6 8. 0-0 Be7 9. a3 0-0 10. b4 a6 11. Qb1 Qb8 12. Rd1 Rd8 13. Qb3 Rd6 14. d5 exd5 15. Nxd5 Nxd5 16. Bxd5 Qf8 17. Bf4 Rad8 18. Bxd6 Rxd6 19. f4 Bf6 20. Rac1 Nd4 21. Qa2 c6 22. Bc4 b5 23. Bd3 Qd8 24. Be4 g6 25. Re1 a5 26. g3 Qa8 27. Qb1 Kf8 28. bxa5 Be7 29. f5 Qxa5 30. fxg6 hxg6 31. Qd3 Qb6 32. Qe3 Re6 33. Qh6+ Kg8 34. Kf1 b4 35. axb4 Qb5+ 36. Kg2 Bg5 37. Qh3 Bxc1 38. Rxc1 Rxe4 39. Qc8+ Kg7 40. Ra1 Qd5 41. Kg1 Nf3+ 42. Kg2 Nh4+ 43. Kg1 Re1+ 0-1